Online katalóg knižníc regiónu Turca

Recepty zo Života (Record no. 20346)

MARC details
000 -LEADER
fixed length control field 02012nam a2200481 a 4500
001 - CONTROL NUMBER
control field 20346
003 - CONTROL NUMBER IDENTIFIER
control field VRT
005 - DATE AND TIME OF LATEST TRANSACTION
control field 20260121132417.0
008 - FIXED-LENGTH DATA ELEMENTS--GENERAL INFORMATION
fixed length control field 240226s2003 xo a slo
015 ## - NATIONAL BIBLIOGRAPHY NUMBER
National bibliography number SNBA2006/04-02147
020 ## - INTERNATIONAL STANDARD BOOK NUMBER
International Standard Book Number 8085258293
Qualifying information (viaz.)
035 ## - SYSTEM CONTROL NUMBER
System control number SNK000205151
035 ## - SYSTEM CONTROL NUMBER
System control number D00ABE0D-15D1-4A9D-97BC-8143A932AE7B
035 ## - SYSTEM CONTROL NUMBER
System control number urn:nbn:sk:snk-am00a0za
035 ## - SYSTEM CONTROL NUMBER
System control number urn:nbn:sk:snk-am3hcnv
035 ## - SYSTEM CONTROL NUMBER
System control number 7B94B48E-B014-495B-88F2-E2A4C20E3555
035 ## - SYSTEM CONTROL NUMBER
System control number urn:nbn:sk:snk-am00a1mj
039 #9 - LEVEL OF BIBLIOGRAPHIC CONTROL AND CODING DETAIL [OBSOLETE]
Level of rules in bibliographic description 202402261851
Level of effort used to assign nonsubject heading access points VLOAD
Level of effort used to assign subject headings 202107010930
Level of effort used to assign classification VLOAD
Level of effort used to assign subject headings 202106300849
Level of effort used to assign classification VLOAD
Level of effort used to assign subject headings 202106231941
Level of effort used to assign classification VLOAD
040 ## - CATALOGING SOURCE
Original cataloging agency SNK
Language of cataloging slo
Transcribing agency SNK
Description conventions AACR2
041 0# - LANGUAGE CODE
Language code of text/sound track or separate title slo
044 ## - COUNTRY OF PUBLISHING/PRODUCING ENTITY CODE
MARC country code xo
ISO country code SK
072 #7 - SUBJECT CATEGORY CODE
Subject category code 641 Kuchárstvo. Potraviny. Varené jedlá
Source konspekt
080 ## - UNIVERSAL DECIMAL CLASSIFICATION NUMBER
Universal Decimal Classification number (083.12)
Edition identifier 1981
080 ## - UNIVERSAL DECIMAL CLASSIFICATION NUMBER
Universal Decimal Classification number 641.5
Edition identifier 1981
245 00 - TITLE STATEMENT
Title Recepty zo Života
Statement of responsibility, etc. zostavili a upravili: Soňa Hodulová, Ivica Ondrejičková
Number of part/section of a work 8
Name of part/section of a work Polievky. Jedlá z brančového a hovädzieho mäsa. Jedlá z hydiny a rýb. Bezmäsité jedlá. Koláče a iné sladkosti. Šaláty, nátierky. Z každého rožka troška
250 ## - EDITION STATEMENT
Edition statement 1. vyd.
260 ## - PUBLICATION, DISTRIBUTION, ETC.
Place of publication, distribution, etc. Bratislava
Name of publisher, distributor, etc. Euroskop-Ringier
Date of publication, distribution, etc. 2003
300 ## - PHYSICAL DESCRIPTION
Extent 155 s.
Other physical details fareb. fotogr.
Dimensions 25 cm
Accompanying material 1 príl.
500 ## - GENERAL NOTE
General note Fareb. fotogr. na front.
500 ## - GENERAL NOTE
General note Zozn. receptov. Príloha: Register. Recepty zo Života 1-8. 19 s.
500 ## - GENERAL NOTE
General note Reg. zost. Ivica Ondrejičková. Autor fotogr. Vladimír Horecký
650 07 - SUBJECT ADDED ENTRY--TOPICAL TERM
Topical term or geographic name entry element jedlá
Source of heading or term SNK
650 07 - SUBJECT ADDED ENTRY--TOPICAL TERM
Topical term or geographic name entry element kuchárske knihy
Source of heading or term SNK
655 #7 - INDEX TERM--GENRE/FORM
Genre/form data or focus term príručky
Source of term SNK
655 #7 - INDEX TERM--GENRE/FORM
Genre/form data or focus term kuchárske recepty
Source of term SNK
700 1# - ADDED ENTRY--PERSONAL NAME
Personal name Hodulová, Soňa
Relationship com
-- com
700 1# - ADDED ENTRY--PERSONAL NAME
Personal name Ondreičková, Ivica
Relationship com
-- com
910 ## - USER-OPTION DATA (OCLC)
User-option data snk
942 ## - ADDED ENTRY ELEMENTS (KOHA)
Source of classification or shelving scheme Dewey Decimal Classification
Koha item type Odborná literatúra pre dospelých
Suppress in OPAC No
949 ## - LOCAL PROCESSING INFORMATION (OCLC)
6 17A0423177
9 P60, <03>, [BOOK], {603}, -B-
a snkSC 91915/8
b snkKSP 10825/2003
s 6100:20140925
949 ## - LOCAL PROCESSING INFORMATION (OCLC)
6 17A0423178
9 P60, <03>, [BOOK], {603}, -B-
a snkSC 91915/8/príl.
b snkKSP 10825/2003
s 6100:20201009
-- 6707:20050101
949 ## - LOCAL PROCESSING INFORMATION (OCLC)
6 17A0434298
9 P60, <04>, [BOOK], {604}
a snkSC 91915/8 D1
b snkKSP 8210/2004
Holdings
Stav vyradenia Strata Poškodenie Spôsob nadobudnutia Domovská knižnica Aktuálna knižnica Dátum nadobudnutia Total checkouts Čiarový kód exemplára Date last seen Typ exemplára Verejná poznámka
      Dar Obecná knižnica Horná Štubňa Obecná knižnica Horná Štubňa 21.01.2026   4736200373 21.01.2026 Odborná literatúra pre dospelých 8. diel
Projekt je podporený Slovenskou asociáciou knižníc
Prevádzkuje Turčianska knižnica Martin 2026